Estado de situación del desarrollo humano y social (Registro nro. 3841)
[ vista simple ]
| 000 -LEADER | |
|---|---|
| fixed length control field | 01660 a2200301 4500 |
| 001 - CONTROL NUMBER | |
| control field | 44892 |
| 005 - DATE AND TIME OF LATEST TRANSACTION | |
| control field | 20260407155723.0 |
| 008 - FIXED-LENGTH DATA ELEMENTS--GENERAL INFORMATION | |
| fixed length control field | 260407a2011 arg spa d |
| 003 - CONTROL NUMBER IDENTIFIER | |
| control field | AR-UNSa-BCEJYS |
| 040 ## - CATALOGING SOURCE | |
| Original cataloging agency | AR-UNSa-BCEJYS |
| Language of cataloging | spa |
| Transcribing agency | AR-UNSa-BCEJYS |
| 080 ## - UNIVERSAL DECIMAL CLASSIFICATION NUMBER | |
| Universal Decimal Classification number | 316.42(82) |
| Common auxiliary subdivision | Cambio social en sociedades globales. Desarrollo social. Sociología del desarrollo en la Argentina(Desarrollo Humano)) |
| 020 ## - INTERNATIONAL STANDARD BOOK NUMBER | |
| International Standard Book Number | 978-987-620-182-7 |
| 041 ## - LANGUAGE CODE | |
| Language code of text/sound track or separate title | spa |
| 100 1# - MAIN ENTRY--PERSONAL NAME | |
| Personal name | Adaszko, Dan |
| 245 10 - TITLE STATEMENT | |
| Title | Estado de situación del desarrollo humano y social |
| Name of part/section of a work | barreras estructurales y dualidades de la sociedad argentina en el primer año del bicentenario |
| 264 #1 - PRODUCTION, PUBLICATION, DISTRIBUTION, MANUFACTURE, AND COPYRIGHT NOTICE | |
| Place of production, publication, distribution, manufacture | Buenos Aires : |
| Name of producer, publisher, distributor, manufacturer | EDUCA (Editorial de la Universidad Católica Argentina) |
| Date of production, publication, distribution, manufacture, or copyright notice | 2011 |
| 300 ## - PHYSICAL DESCRIPTION | |
| Extent | 325 p. |
| Dimensions | 27 cm. |
| 505 ## - FORMATTED CONTENTS NOTE | |
| Formatted contents note | 1. El desarrollo humano y social desde una perspectiva de derechos – 2. Las condiciones habitacionales y de acceso a bienes y servicios urbanos en la Argentina 2010 – 3. Trabajo productivo y trabajo reproductivo – 4. La salud de la población y el acceso al sistema que la atiende – 5. Componentes psicosociales del bienestar subjetivo – 6. Cultura democrática, confianza institucional y compromiso ciudadano - |
| 590 ## - LOCAL NOTE (RLIN) | |
| Local note | niveau_biblio:m niveau_hierar:0 |
| 700 1# - ADDED ENTRY--PERSONAL NAME | |
| Personal name | Salvia, Agustín |
| 700 1# - ADDED ENTRY--PERSONAL NAME | |
| Personal name | Donza, Eduardo |
| 700 1# - ADDED ENTRY--PERSONAL NAME | |
| Personal name | Moreno, Carolina |
| 700 1# - ADDED ENTRY--PERSONAL NAME | |
| Personal name | Rodríguez Espínola, Solange |
| 700 1# - ADDED ENTRY--PERSONAL NAME | |
| Personal name | Suárez, Agustín de Jesús |
| 700 1# - ADDED ENTRY--PERSONAL NAME | |
| Personal name | Pontificia Universidad Católica Argentina. Observatorio de la Deuda Social Argentina |
| 856 41 - ELECTRONIC LOCATION AND ACCESS | |
| Uniform Resource Identifier | <a href="https://www.biblioeco.unsa.edu.ar/pmb/images/libros/L127023.jpg">https://www.biblioeco.unsa.edu.ar/pmb/images/libros/L127023.jpg</a> |
| Link text | Imagen de portada |
| Electronic format type | image/jpeg |
| 942 ## - ADDED ENTRY ELEMENTS (KOHA) | |
| Koha item type | |
| Withdrawn status | Lost status | Damaged status | Not for loan | Home library | Current library | Shelving location | Date acquired | Total checkouts | Full call number | Barcode | Date last seen | Price effective from | Koha item type |
|---|---|---|---|---|---|---|---|---|---|---|---|---|---|
| Biblioteca Prof. Eusebio Cleto del Rey | Biblioteca Prof. Eusebio Cleto del Rey | 07/04/2026 | 316.42(82) S184 | L127023 | 07/04/2026 | 07/04/2026 | Libro |